Difficult Dictators Quiz - Statistics

General Stats
  • This quiz has been taken 38 times
  • The average score is 7 of 20
Answer Stats
Hint Answer % Correct
Enver Hoxha Albania
81%
António de Oliveira Salazar Portugal
73%
Mengistu Haile Mariam Ethiopia
51%
Jean-Bédel Bokassa Central African Republic
49%
Siad Barre Somalia
46%
Francisco Macías Nguema Equatorial Guinea
43%
Miguel Primo de Rivera Spain
38%
José Eduardo dos Santos Angola
35%
Idriss Déby Chad
35%
Paul Biya Cameroon
30%
Blaise Compaoré Burkina Faso
27%
Yumjaagiin Tsedenbal Mongolia
27%
Yoweri Museveni Uganda
24%
Efraín Ríos Montt Guatemala
19%
Yahya Jammeh The Gambia
19%
Sani Abacha Nigeria
16%
France-Albert René Seychelles
14%
Gnassingbé Eyadéma Togo
14%
Aparicio Méndez Uruguay
11%
Mariano Melgarejo Bolivia
8%
No matching quizzes found
Score Distribution
Percent of People with Each Score
Percentile by Number Answered
Your Score History
You have not taken this quiz